| 000 | 00699nam a2200241 a 4500 | ||
|---|---|---|---|
| 001 | BRCA_7963 | ||
| 005 | 20190320210055.0 | ||
| 008 | 100314s1968----gw-a###f##---#000-0#ger-# | ||
| 041 | _ager | ||
| 044 | _agw | ||
| 050 | 4 |
_aN7101 _b.T58 _c1967 |
|
| 100 | 1 |
_aTisne, Pierre _919741 |
|
| 245 | 1 | 0 |
_aSpanien _bbildatlas der spanischen kunst _cvon Pierre Tisne unter mitarbeit von José Milicua. |
| 260 |
_aParis _bM. Du Mont _c1967 |
||
| 300 |
_aXIV, 559 p. _bil. (algunas a color) _c24 cm. |
||
| 500 | _a3126 | ||
| 650 | 1 | 4 |
_aArte español _vAtlas _919742 |
| 650 | 1 | 4 |
_aArtistas españoles _919743 |
| 650 | 1 | 4 |
_aArte _zEspaña _92064 |
| 700 | 1 |
_aMilicua, José _96007 |
|
| 902 | _aGFM | ||
| 942 |
_2lcc _cB |
||
| 999 |
_c7632 _d7632 |
||